Planning for the future - simplicity itself? (Record no. 73187)
[ view plain ]
| 000 -LEADER | |
|---|---|
| fixed length control field | 01141cam a2200217 4500 |
| 001 - CONTROL NUMBER | |
| control field | ABS66921 |
| 008 - FIXED-LENGTH DATA ELEMENTS--GENERAL INFORMATION | |
| fixed length control field | 030808n2003 000 0 eng u |
| 035 ## - SYSTEM CONTROL NUMBER | |
| System control number | (Sirsi) u123235 |
| 100 ## - MAIN ENTRY--PERSONAL NAME | |
| Personal name | McKie, A. |
| 245 ## - TITLE STATEMENT | |
| Title | Planning for the future - simplicity itself? |
| 260 ## - PUBLICATION, DISTRIBUTION, ETC. | |
| Date of publication, distribution, etc. | 2003 |
| 490 ## - SERIES STATEMENT | |
| Series statement | Journal of the Law Society of Scotland |
| Volume/sequential designation | 48(7) July 2003, 58(1) |
| 520 ## - SUMMARY, ETC. | |
| Summary, etc. | Examines the possible changes that a new Planning Bill could make to the current planning system in Scotland. It is agreed that the current system is too complicated and needs to be simplified and yet still support sustainable development, biodiversity and social justice. The system also needs to improve architectural design, delivery of public infrastructure and affordable housing and protect the environment as well as act as a land use planning system. There is little expectation that any new reforms will make the system any simpler. |
| 590 ## - LOCAL NOTE (RLIN) | |
| Local note | ABS |
| 650 ## - SUBJECT ADDED ENTRY--TOPICAL TERM | |
| Topical term or geographic name entry element | PLANNING PROCEDURE |
| 650 ## - SUBJECT ADDED ENTRY--TOPICAL TERM | |
| Topical term or geographic name entry element | SCOTLAND |
| 650 ## - SUBJECT ADDED ENTRY--TOPICAL TERM | |
| Topical term or geographic name entry element | PLANNING BILL |
| 650 ## - SUBJECT ADDED ENTRY--TOPICAL TERM | |
| Topical term or geographic name entry element | Land use |
| 9 (RLIN) | 6251 |
| 690 ## - LOCAL SUBJECT ADDED ENTRY--TOPICAL TERM (OCLC, RLIN) | |
| Topical term or geographic name as entry element | ENVIRONMENTAL AND LAND CONSULTANCY-PLANNING AND DEVELOPMENT |
| 942 ## - ADDED ENTRY ELEMENTS (KOHA) | |
| Suppress in OPAC | 0 |
| Withdrawn status | Lost status | Source of classification or shelving scheme | Damaged status | Not for loan | Home library | Current library | Shelving location | Date acquired | Total Checkouts | Full call number | Barcode | Date last seen | Copy number | Price effective from | Koha item type |
|---|---|---|---|---|---|---|---|---|---|---|---|---|---|---|---|
| Dewey Decimal Classification | London | London | Journal article | 08/08/2003 | ABS66921 | 123235-1001 | 06/08/2019 | 1 | 06/08/2019 | Journal article |